| 000 | 00000nam##2200000za#4500 |
| 001 | 9.664660 |
| 003 | CaOODSP |
| 005 | 20210615121746 |
| 007 | ta |
| 008 | 150407|2003||||xxc||||| f|0| 0 fre|d |
| 020 | |a0-662-67361-1 |
| 022 | |a1705-9380 |
| 040 | |aCaOODSP|bfre |
| 041 | |aeng |
| 041 | |afre |
| 043 | |an-cn--- |
| 086 | 1 |aJS61-4/2003 |
| 110 | 1 |aCanada.|bSolliciteur général Canada. |bGendarmerie royale du Canada. |
| 245 | 10|aService des laboratoires judiciaires, rapport annuel des réalisations, 2002-2003 |
| 260 | |aOttawa - Ontario : |bSolliciteur général Canada. |c2003. |
| 300 | |aTexte français, 30p. : |bill. en couleur ; |c28 cm. |
| 500 | |aSur la couverture: Le Service des laboratoires judiciaires : une partie intégrante des Services nationaux de police au Canada. L'ISBN (0-662-34086-8) assigné à l'édition électronique en anglais de ce rapport a été imprimé dans l'édition bilingue en papier. |
| 520 | 3 |aCe rapport fait état des réalisations du Service des laboratoires judiciaires (SLJ) en 2002-2003. En tant que partie intégrante des Services nationaux de police de la GRC, le SLJ effectue les analyses des éléments de preuve liés à des enquêtes policières de partout au Canada. Le rapport porte sur la nouvelle approche de prestation des services du SLJ; le travail dans des domaines comme la sensibilisation aux services et à la sécurité des collectivités; et les activités courantes liées à la recherche et au développement, à la qualité du service, à la santé et à la sécurité ainsi qu’au tableau de bord prospectif. |
| 563 | |aCouverture souple |
| 590 | |a05-17|b2005-04-29 |
| 691 | 07|aMédecine légale|2gcpds |
| 791 | |tForensic Laboratory Services annual achievement report, 2002-2003 |eeng|w(CaOODSP)9.664659 |